| 000 | 01092cam a22002771 4500 | ||
|---|---|---|---|
| 001 | gs 17000343 | ||
| 003 | DLC | ||
| 005 | 20260227111321.0 | ||
| 008 | 720330s1917 xx abf 000 0 eng | ||
| 010 | _ags 17000343 | ||
| 035 | _a(OCoLC)273203 | ||
| 040 |
_aDLC _cODaWU _dDLC |
||
| 050 | 0 | 0 |
_aQE75 _b.B9 no. 647 |
| 051 |
_aTN805.M9 _bW6 |
||
| 100 | 1 |
_aWoolsey, Lester Hood, _d1877- |
|
| 245 | 1 | 4 |
_aThe Bull mountain coal field, Musselshell and Yellowstone counties, Montana, _cby L. H. Woolsey, R. W. Richards and C. T. Lupton, comp. and ed. by E. Russell Lloyd. |
| 260 |
_aWashington, _bGovt. Print. Off., _c1917. |
||
| 300 |
_a218 p. _billus., xxxvi pl. (part fold., incl. maps) on 32 l. _c23 cm. |
||
| 410 | 2 | 0 |
_aGeological Survey (U.S.) _tBulletin _v647 |
| 500 | _aAt head of title: Department of the interior. | ||
| 500 | _aMany of the plates printed on both sides of leaf. | ||
| 650 | 0 |
_aCoal mines and mining _zMontana. |
|
| 700 | 1 |
_aRichards, Ralph Webster, _d1879- _ejoint author. |
|
| 700 | 1 |
_aLupton, Charles T., _ejoint author. |
|
| 700 | 1 |
_aLloyd, Edwin Russell, _d1882- _eed. |
|
| 999 |
_c25778 _d25778 |
||